California Wildernesses - Statistics

General Stats
  • This quiz has been taken 9 times
  • The average score is 27 of 159
Answer Stats
Agency Acreage Wilderness % Correct
National Park Service 3,190,455 * Death Valley
71%
National Park Service 768,222 Kings Canyon-Sequoia
71%
National Park Service 704,624 Yosemite
71%
National Park Service 595,364 Joshua Tree
57%
Forest Service, National Park Service 231,617 Ansel Adams
43%
National Park Service 15,985 Hain
43%
Forest Service 652,793 John Muir
43%
National Park Service 79,061 Lassen Volcanic
43%
National Park Service 695,200 Mojave
43%
Forest Service 23,578 Bucks Lake
29%
Bureau of Land Management 14,740 Carrizo Gorge
29%
Forest Service 158,070 Carson-Iceberg
29%
Bureau of Land Management 99,548 Chuckwalla Mountains
29%
Bureau of Land Management 47,158 Dead Mountains
29%
Forest Service 64,041 Desolation
29%
Forest Service 28,374 Granite Chief
29%
Forest Service 128,221 Hoover
29%
Forest Service 225,114 Marble Mountain
29%
Forest Service 104,050 Mokelumne
29%
Forest Service 36,981 Mount Shasta
29%
Forest Service 179,847 Siskiyou
29%
Forest Service 60,280 South Sierra
29%
Forest Service, Bureau of Land Management 182,319 Yolla Bolly-Middle Eel
29%
Forest Service, Bureau of Land Management 17,975 Agua Tibia
14%
Bureau of Land Management 65,726 Argus Range
14%
Bureau of Land Management 89,500 Avawatz Mountains
14%
Bureau of Land Management 15,628 Beauty Mountain
14%
Bureau of Land Management, Forest Service 38,599 Bighorn Mountain
14%
Bureau of Land Management 14,645 Biglow Cholla Garden
14%
Bureau of Land Management 45,384 Big Maria Mountains
14%
Bureau of Land Management 20,548 Black Mountain
14%
Bureau of Land Management 8,191 Bright Star
14%
Bureau of Land Management 71,389 Bristol Mountains
14%
Bureau of Land Management 11,840 Buzzards Peak
14%
Bureau of Land Management 27,296 Cache Creek
14%
Bureau of Land Management 19,935 Cadiz Dunes
14%
Forest Service 5,575 Cahuila
14%
Forest Service 20,839 Caribou
14%
Forest Service 10,609 Castle Crags
14%
Bureau of Land Management 6,287 Cedar Roughs
14%
Forest Service 8,062 Chanchelulla
14%
Bureau of Land Management 85,864 Chemehuevi
14%
Bureau of Land Management 13,140 Chimney Peak
14%
Forest Service 37,794 Chumash
14%
Bureau of Land Management 39,167 Cleghorn Lakes
14%
Bureau of Land Management 33,843 Clipper Mountain
14%
Bureau of Land Management 18,631 Coyote Mountains
14%
Forest Service 13,007 Cucamonga
14%
Bureau of Land Management 8,189 Darwin Falls
14%
Forest Service 71,275 Dick Smith
14%
Forest Service 30,863 Dinkey Lakes
14%
Forest Service, Bureau of Land Management 133,720 Domeland
14%
Bureau of Land Management 11,001 Elkhorn Ridge
14%
Bureau of Land Management 23,679 El Paso Mountains
14%
Forest Service 112,723 Emigrant
14%
Fish and Wildife Service 141 Farallon
14%
Bureau of Land Management 21,390 Fish Creek Mountains
14%
Bureau of Land Management 25,707 Funeral Mountains
14%
Forest Service 13,992 Garcia
14%
Forest Service 303,770 Golden Trout
14%
Bureau of Land Management 37,786 Golden Valley
14%
Bureau of Land Management 31,059 Granite Mountain
14%
Bureau of Land Management 30,186 Grass Valley
14%
Forest Service 6,919 Hauser
14%
Fish and Wildlife Service 17,801 * Havasu
14%
Bureau of Land Management 22,366 Hollow Hills
14%
Bureau of Land Management 28,822 Ibex
14%
Fish and Wildlife Service 15,056 * Imperial Refuge
14%
Bureau of Land Management 32,419 Indian Pass
14%
Bureau of Land Management, Forest Service 199,208 Inyo Mountains
14%
Forest Service, Bureau of Land Management 41,339 Ishi
14%
Bureau of Land Management 31,358 Jacumba
14%
Forest Service 10,510 Jennie Lakes
14%
National Park Service 39,740 John Krebs
14%
Forest Service 21,986 Kaiser
14%
Bureau of Land Management 144,915 Kelso Dunes
14%
Forest Service, Bureau of Land Management 86,245 Kiavah
14%
Bureau of Land Management 42,695 King Range
14%
Bureau of Land Management 252,149 Kingston Range
14%
National Park Service 28,460 Lava Beds
14%
Bureau of Land Management 38,216 Little Picacho
14%
Forest Service, Bureau of Land Management 18,278 Machesna
14%
Forest Service 11,938 Magic Mountain
14%
Bureau of Land Management 31,906 Malpais Mesa
14%
Bureau of Land Management 12,897 Manly Peak
14%
Forest Service 29,207 Matilija
14%
Bureau of Land Management 26,356 Mecca Hills
14%
Bureau of Land Management 44,804 Mesquite
14%
Bureau of Land Management 17,250 Milpitas Wash
14%
Forest Service 44,216 Monarch
14%
Forest Service 7,295 Mount Lassic
14%
California Department of Parks and Recreation 19,200 Mount San Jacinto
14%
Bureau of Land Management 26,102 Newberry Mountains
14%
Bureau of Land Management 106,623 Nopah Range
14%
Bureau of Land Management 25,895 North Algodones Dunes
14%
Forest Service 8,158 North Fork
14%
Bureau of Land Management 28,955 North Mesquite Mountains
14%
Bureau of Land Management 165,172 Old Woman Mountains
14%
Bureau of Land Management 51,289 Orocopia
14%
Bureau of Land Management 18,893 Otay Mountain
14%
Bureau of Land Management 73,868 Owens Peak
14%
Forest Service 14,698 Owens River Headwaters
14%
Bureau of Land Management 73,726 Pahrump Valley
14%
Bureau of Land Management 236,488 Palen/McCoy
14%
Bureau of Land Management 30,605 Palo Verde Mountains
14%
National Park Service 27,315 Philip Burton
14%
Bureau of Land Management 8,860 Picacho Peak
14%
Forest Service 13,261 Pine Creek
14%
Bureau of Land Management 24,348 Pinto Mountains
14%
Bureau of Land Management 72,192 Piper Mountain
14%
Bureau of Land Management 48,080 Piute Mountains
14%
Forest Service 26,839 Pleasant View
14%
Forest Service 20,133 * Red Buttes
14%
Bureau of Land Management 76,312 Resting Spring Range
14%
Bureau of Land Management 41,777 Rice Valley
14%
Bureau of Land Management 6 Rocks and Islands
14%
Bureau of Land Management 34,264 Rodman Mountains
14%
Forest Service 12,521 Russian River
14%
Bureau of Land Management 1,530 Saddle Peak Hills
14%
Forest Service 35,738 San Gabriel
14%
Forest Service 10,666 Sanhedrin
14%
Forest Service 32,186 San Jacinto
14%
Forest Service 39,413 San Mateo Canyon
14%
Forest Service 191,104 San Rafael
14%
Forest Service 18,679 Santa Lucia
14%
Bureau of Land Management, Forest Service 78,576 Santa Rosa
14%
Bureau of Land Management 33,772 Sawtooth Mountains
14%
Forest Service 209,219 Sespe
14%
Bureau of Land Management 188,169 Sheephole Valley
14%
Forest Service 43,182 Sheep Mountain
14%
Forest Service 31,533 Silver Peak
14%
Forest Service 60,221 Snow Mountain
14%
Bureau of Land Management 80,090 Soda Mountains
14%
Bureau of Land Management 12,868 South Fork Eel River
14%
Forest Service 20,158 South Fork San Jacinto
14%
Bureau of Land Management 17,059 South Nopah Range
14%
Forest Service 70,206 South Warner
14%
Bureau of Land Management 6,964 Stateline
14%
Bureau of Land Management 83,195 Stepladder Mountains
14%
Bureau of Land Management 24,433 Surprise Canyon
14%
Bureau of Land Management 18,682 Sylvania
14%
Forest Service 16,528 Thousand Lakes
14%
Bureau of Land Management 37,308 Trilobite
14%
Forest Service 537,363 Trinity Alps
14%
Bureau of Land Management 177,309 Turtle Mountains
14%
Forest Service, Bureau of Land Management 236,726 Ventana
14%
Bureau of Land Management 76,123 Whipple Mountains
14%
Forest Service, Bureau of Land Management 229,953 White Mountains
14%
Forest Service, Bureau of Land Management 56,339 Yuki
14%
California Department of Parks and Recreation 386,000 Anza Borrego
0%
California Department of Parks and Recreation 6400 Boney Mountain
0%
Bureau of Land Management 7,810 Great Falls Basin
0%
California Department of Parks and Recreation 22,000 Henry W. Coe
0%
Bureau of Land Management 28,052 Little Chuckwalla
0%
California Department of Parks and Recreation 9,600 Murrelet
0%
Bureau of Land Management 50,451 Sacataur Trail
0%
Forest Service, Bureau of Land Management 104,389 San Gorgonio
0%
California Department of Parks and Recreation 3,845 Sinkyone
0%
California Department of Parks and Recreation 5,900 West Waddell Creek
0%
No matching quizzes found
Score Distribution
Percent of People with Each Score
Percentile by Number Answered
Your Score History
You have not taken this quiz